Medical-surgical nursing: assessment and management of clinical problems / (Record no. 19341)

MARC details
000 -LEADER
fixed length control field 00816nam a22002657a 4500
003 - CONTROL NUMBER IDENTIFIER
control field MUT
005 - DATE AND TIME OF LATEST TRANSACTION
control field 20240606081456.0
008 - FIXED-LENGTH DATA ELEMENTS--GENERAL INFORMATION
fixed length control field 190612b xxu||||| |||| 00| 0 eng d
020 ## - INTERNATIONAL STANDARD BOOK NUMBER
International Standard Book Number 1556644302
040 ## - CATALOGING SOURCE
Transcribing agency MUT
050 ## - LIBRARY OF CONGRESS CALL NUMBER
Classification number RT41
Item number .M488 2000
082 ## - DEWEY DECIMAL CLASSIFICATION NUMBER
Edition information 21
Classification number 610.73
245 ## - TITLE STATEMENT
Title Medical-surgical nursing: assessment and management of clinical problems /
250 ## - EDITION STATEMENT
Edition statement 5th ed.
260 ## - PUBLICATION, DISTRIBUTION, ETC.
Place of publication, distribution, etc. St. Louis:
Name of publisher, distributor, etc. Mosby,
Date of publication, distribution, etc. c2000
650 ## - SUBJECT ADDED ENTRY--TOPICAL TERM
Topical term or geographic name entry element Nursing
650 ## - SUBJECT ADDED ENTRY--TOPICAL TERM
Topical term or geographic name entry element Surgical nursing
650 ## - SUBJECT ADDED ENTRY--TOPICAL TERM
Topical term or geographic name entry element Nursing care
650 ## - SUBJECT ADDED ENTRY--TOPICAL TERM
Topical term or geographic name entry element Nursing Assessment
650 ## - SUBJECT ADDED ENTRY--TOPICAL TERM
Topical term or geographic name entry element Perioperative Nursing
700 ## - ADDED ENTRY--PERSONAL NAME
Personal name Lewis, Sharon Mantik.
Relator term Editor
700 ## - ADDED ENTRY--PERSONAL NAME
Personal name Heitkemper, Margaret M.
Relator term Editor
700 ## - ADDED ENTRY--PERSONAL NAME
Personal name Dirksen, Shannon Ruff.
942 ## - ADDED ENTRY ELEMENTS (KOHA)
Source of classification or shelving scheme Library of Congress Classification
Koha item type Books
Holdings
Withdrawn status Lost status Source of classification or shelving scheme Damaged status Not for loan Home library Current library Shelving location Date acquired Source of acquisition Total checkouts Full call number Barcode Date last seen Price effective from Koha item type
    Library of Congress Classification     Murang'a University of Technology Library Murang'a University of Technology Library General stacks 12/06/2019 Donation-TFC   RT41 .M488 2000 026418 30/08/2024 12/06/2019 Books
    Library of Congress Classification     Murang'a University of Technology Library Murang'a University of Technology Library General stacks 27/06/2022 Donation- TFC   RT41 .M488 2000 030467 30/08/2024 27/06/2022 Books